| 000 | 00761cam a2200205 a 4500 | ||
|---|---|---|---|
| 001 | 000011394 | ||
| 005 | 20200929162435.0 | ||
| 008 | 741108s1972 ck b 000 0 spa | ||
| 040 |
_aDO-SdBNP _bspa _cBNPHU |
||
| 082 |
_a230.007 _bR436r |
||
| 100 | 1 |
_aRestrepo, Huberto, _d1922- _927012 |
|
| 245 | 1 | 3 |
_aLa religión de la antigua Antioquia : _b(estudio teológico-pastoral sobre Tomás Carrasquilla). |
| 260 |
_a[Medellin, Colombia] : _bEditorial Bedout, _c[1972]. |
||
| 300 |
_a274 p. ; _c19 cm. |
||
| 490 | 1 |
_aBolsilibros Bedout _v116 |
|
| 504 | _aIncluye referencias bibliográficas : p. 267-271. | ||
| 651 | 4 |
_aAntioquia (Colombia{Rpara} _xReligión _927013 |
|
| 600 | 1 | 4 |
_aCARRASQUILLA, TOMÁS, _d1858-1940. _923724 |
| 830 | 0 |
_aBolsilibros Bedout ; _v116 _93750 |
|
| 999 |
_c11101 _d11101 |
||